000 00532nam a2200169Ia 4500
999 _c7323
_d7323
003 OSt
005 20200125114904.0
008 190216s9999||||xx |||||||||||||| ||und||
020 _a9788122415490
040 _coclc
082 _a658.4038011
_bSHA/M
100 _aShajahan, S
_91408
245 0 _aManagement Information Systems /
_cS Shajahan ; R Priyadarshini
260 _bNew Age International Publishers,
_aNew Delhi:
_c2004.
300 _a300p
942 _cBK
_2ddc
_h658.4038011
_iSHA/M
_k658.4038011
_mSHA/M